000 00443nam a2200181Ia 4500
008 210210b1966 xxu||||| |||| 00| 0 eng d
041 _aeng
082 _a956/26
100 _aICHLANGOD (B Mammunhi)
245 _aCivilizations of the Ancient world
260 _aMoodabidri
_bJaya Publications
_c1966
300 _a408
650 _aworld
650 _aCivilizations
650 _aAncient
690 _aWorld History
906 _a002258
999 _c121280
_d121280